Parlez-vous franglais ? # 2 - Statistiques

Statistiques générales
  • Ce quiz a été pris 348 fois
  • Le résultat moyen est 5 sur 15
Statistiques - réponses
Franglais Recommandations de l'Académie Française % Correct
Guest Invité
76%
Healthy Sain | Sainement
73%
Update Mise à jour
59%
Backstage Coulisse
47%
Listing Liste
42%
Fake News Infox | Intox
35%
Crypté Codé | Chiffré
30%
Crush Penchant | Béguin
20%
Pitch Résumé | Synopsis
18%
Addict Dépendant
14%
Self service Libre service
13%
Sponsor Parrain | Mécène
13%
Food truck Camion restaurant
8%
Medley Pot-pourri
6%
Booster Stimuler
3%
Aucun quiz correspondant
Distribution des résultats
% des personnes avec chaque résultat
Percentile par nombre de réponses
Votre historique - résultats
Vous n’avez pas pris ce quiz